| 000 | 00662nam a2200193Ii 4500 | ||
|---|---|---|---|
| 003 | JO-AjNU | ||
| 008 | 230605s9999||||xx |||||||||||||| ||und|| | ||
| 040 |
_aJO-AjNU _bara _erda _cJO-AjNU |
||
| 041 | _aara | ||
| 050 | 1 | 4 | _aQD605.H8 1981 |
| 100 | 3 |
_aهيوز ، غوردون ؛ ترجمة حسين عبد المجيد, _eauthor _99752 |
|
| 245 | 0 | 0 | _aالكيمياء الاشعاعية |
| 264 | 3 | 1 | _aسوريا:وزارة اتعليم العالي ، 1981 |
| 300 | _a139ص | ||
| 336 |
_atext _btxt _2rdacontent |
||
| 337 |
_aunmediated _bn _2rdamedia |
||
| 338 |
_avolume _bnc _2rdacarrier |
||
| 650 | 4 |
_aكيمياء ذريه-تفاعلات نووية _99753 |
|
| 999 |
_aA1460 _c5028 _d5028 |
||